LEADER 01319nam a2200277 i 4500 001 000000233974 003 CaOOAMICUS 005 20141002000000.0 008 141002s1902 it u000 u ita u 013 $a212877 040 $aSeMil$bita 100 1 $aHubert, Friedrich W.$0(OLS)http://semarc/name/32014 245 10$aAntichità pubbliche romane /$cdel prof. F. G. Hubert ; rifacimento delle Antichità romane pubbliche, sacre e militari di W. Kopp ; traduzione del dott. Adolfo Wittgens. 260 $aMilano :$bUlrico Hoepli,$c1902. 300 $aXIII, 324 p., [1] c. topog. ripieg. :$bill. ;$c16 cm. 490 0 $aManuali Hoepli ;$v324.-325 490 0 $aManuali Hoepli. Serie scientifica 650 4$aRoma antica - Usi e costumi.$0(OLS)http://semarc/subject/4369 700 1 $aWittgens, Adolfo.$0(OLS)http://semarc/name/80259 700 1 $aKopp, Wilhelm.$0(OLS)http://semarc/name/80257 830 0$aManuali Hoepli ;$v324.-325.$0(OLS)http://semarc/title/7639 830 0$aManuali Hoepli. Serie scientifica.$0(OLS)http://semarc/title/12258 850 $aSeMil 852 $aSeMil$W1$xVenegono$y1$m2ZB IV 6 FA$j184320$B184320$CSeMilBibl$Z2$F195303 $8I 996 $6245$aAntichità pubbliche romane$9(OLS)http://semarc/title/99985 996 $6260$aMilano :$bUlrico Hoepli$9(OLS)http://semarc/publisher/29765 LEADER 01080nam a2200265 i 4500 001 000000190934 003 CaOOAMICUS 005 20151027000000.0 008 151027s1985 it u000 u ita u 013 $a169408 020 $a88-350-7695-1 040 $aSeMil$bita 245 12$aL'educazione cristiana oggi :$b[23. Convegno di Scholé]. 260 $aBrescia :$bLa Scuola,$c1985. 300 $a300 p. ;$c21 cm. 490 0 $aAtti dei Convegni di Scholé ;$v23 650 4$aScholé.$0(OLS)http://semarc/subject/17088 650 4$aEducazione cristiana.$0(OLS)http://semarc/subject/10224 830 0$aAtti dei Convegni di Scholé ;$v23.$0(OLS)http://semarc/title/26439 850 $aSeMil 852 $aSeMil$W1$xVenegono$y1$m2Q III 493$j141548$B141548$CSeMilBibl$Z2$F153108 $81 961 $aOmaggio: Martinelli don Romano 996 $6020$a88-350-7695-1$9(OLS)http://semarc/number/181942 996 $6245$aL'educazione cristiana oggi :$b[23. Convegno di Scholé]$9(OLS)http://semarc/title/275120 996 $6260$aBrescia :$bLa Scuola$9(OLS)http://semarc/publisher/29831